Intervencie Európskej centrálnej banky v období hospodárskej krízy – aplikácie na Írsko

Írska kríza. Vývoj vládneho deficitu/prebytku, nezamestnanosti a nezamestnanosti mladých. Vývoj vládneho a súkromného írskeho dlhu. Úverový rating Írska. Rekapitalizácia írskych bánk. Výnos 10-ročných írskych vládnych dlhopisov. V čase vypuknutia krízy írske banky trpeli platobnou neschopnosťou, ťa...

Descrizione completa

Salvato in:
Dettagli Bibliografici
Autore principale: Vargová, Andrea
Natura: Capitolo di libro
Lingua:slovacco
Soggetti:
Tags: Aggiungi Tag
Nessun Tag, puoi essere il primo ad aggiungerne!!

MARC

LEADER 00000nla a2200000 4500
001 0195967
005 20240502073312.1
041 0 |a slo 
044 |a SK 
245 1 0 |a Intervencie Európskej centrálnej banky v období hospodárskej krízy – aplikácie na Írsko  |c Andrea Vargová 
520 |a Írska kríza. Vývoj vládneho deficitu/prebytku, nezamestnanosti a nezamestnanosti mladých. Vývoj vládneho a súkromného írskeho dlhu. Úverový rating Írska. Rekapitalizácia írskych bánk. Výnos 10-ročných írskych vládnych dlhopisov. V čase vypuknutia krízy írske banky trpeli platobnou neschopnosťou, ťažkosťami a krízou likvidity. V rámci týchto problémov bánk bola kríza likvidity vyriešená za prijateľné náklady prostredníctvom poskytnutia likvidity od ECB. 
610 2 0 |a Írsko 
610 2 0 |a kríza finančná 
610 2 0 |a kríza banková 
610 2 0 |a likvidita 
610 2 0 |a dlhopisy 
610 2 0 |a Európska centrálna banka 
100 1 |a Vargová, Andrea